| 000 | 00469nam a2200157 i 4500 | ||
|---|---|---|---|
| 001 | 85422 | ||
| 003 | ES-MaACL | ||
| 005 | 20230906175235.0 | ||
| 007 | t| | ||
| 008 | 041129s1925 sp ||||1| spa d | ||
| 100 | 1 |
_aJiménez Catalán, Manuel. _966481 |
|
| 245 | 1 | 0 |
_aEnsayo de una tipografía zaragozana del siglo XVII / _cManuel Jiménez Catalán. |
| 260 |
_aZaragoza : _b[s.n., _c1925] ( _fLa Académica) |
||
| 300 |
_a502 p. ; _c28 cm. |
||
| 852 |
_aES-MaACL _jB-12057 |
||
| 999 |
_c85422 _d85422 |
||